000
00299nam a22001337a 4500
008
170727b xxu||||| |||| 00| 0 eng d
020
_a
0134682084
041
_a
eng
080
_2
2ND
_a
004
100
_a
31
101
_a
SHK
245
_a
INTELLIGENT INSTRUMENTATION
_c
BARNEY,G.C
942
_2
udc
_c
BK
999
_c
21994
_d
21994